000 00588nam a22002177a 4500
003 UA-OsUOA
001 86950
007 ta
008 20120912b un ||||| |||| 00| 0 ukr d
090 _a82.09(6)
_bЛ64
942 _cBK
040 _aUA-OsUOA
_brus
_cUA-OsUOA
_dUA-OsUOA
245 _aЛитературы Африки
_cОтв. Котляр Е. С.
300 _a335 с.
955 _a1
041 _arus
080 _a82.09(6)
260 _aМ.
_bВысшая школа
_c1979
650 7 _a82 Література. Літературознавство
_2UDC
999 _c373144
_d373144